00773nam a2200169 a 450000100060000000300090000600800410001502000150005604000280007108200150009910000180011424500260013226000310015850503690018965000170055865000280057520850CO-ViMGA141112s2004 ck r 000 u spa d a9586534650 aCO-ViMGAbspacCO-ViMGA04a364 T6773c1 aTorres, Mauro10aCompulsión y crimen aBogotá : bLegis, c2006 aEl gran misterio del crimen 1 - - Los crímenes evolutivos 29 - - Los crímenes compulsivos históricos 41 - - Arboles genealógicos d delincuentes compulsivos dentro del conjunto de los árboles fgenealógicos compulsivos 85 - - El delincuente compulsivo dentro del sistema de las compulsiones adictivas 207 - - El crimen compulsivo y el crimen social 221 14aCRIMINOLOGIA14aCRIMINOLOGIA - COLOMBIA